000 00383nam a2200133Ia 4500
008 220217s9999||||xx |||||||||||||| ||und||
020 _a81-203-1800-5
082 _a005.43 NOR
100 _aNorthruf, Anthony
_91255
245 0 _aIntroducing microsofts windows 2000 server
260 _aPrentice hall of india
_bNew Delhi
_c2000
300 _b395
650 _aOperating systems
999 _c166143
_d166143